000 00594nam a2200181Ia 4500
008 100920s9999 xx 000 0 und d
082 _b18528
_a51 थ 67
100 _aText1
245 _aभगिनी निवेदिता.
260 _bइंद्रायणी साहित्य प्रकाशन, पुणे.
_c1967
300 _a67
_bसाधी
365 _b0.8
520 _aचरित्र.
630 _aभगिनी निवेदिता.
650 _aचरित्र.
730 _aभगिनी निवेदिता.
942 _cBOOK
999 _c680124
_d680121